Nazwy polskich miast w języku niemieckim - Statystyki

Ogólne statystyki
  • Ten quiz został rozwiązany 383 razy
  • Średni wynik to 8 z 30
Statystyki odpowiedzi
Polska nazwa Niemiecka nazwa % Poprawnych
Gdańsk Danzig
78%
Warszawa Warschau
73%
Wrocław Breslau
71%
Kraków Krakau
67%
Poznań Posen
64%
Szczecin Stettin
55%
Katowice Kattowitz
44%
Opole Oppeln
31%
Zielona Góra Grünberg in Schlesien
29%
Głogów Glogau
28%
Toruń Thorn
28%
Kołobrzeg Kolberg
27%
Olsztyn Allenstein
25%
Malbork Marienburg
23%
Bydgoszcz Bromberg
20%
Elbląg Elbing
17%
Koszalin Köslin
15%
Słupsk Stolp
15%
Gniezno Gnesen
13%
Gdynia Gdingen
12%
Bytom Beuthen
10%
Gorzów Wlkp. Landsberg an der Warthe
10%
Wolsztyn Wollstein
10%
Ełk Lyck
9%
Grudziądz Graudenz
7%
Chojnice Konitz
6%
Puck Putzig
6%
Żary Sorau
6%
Piła Schneidemühl
5%
Wschowa Fraustadt
4%
Nie znaleziono quizów pasujących do podanych kryteriów
Rozkład punktacji
Procent ludzi z każdym wynikiem
Percentyl według liczby udzielonych odpowiedzi
Twoja historia wyników
Nie rozwiązałeś tego quizu